Las naciones neutrales y la guerra / (Record no. 36555)

MARC details
000 -LEADER
campo de control de longitud fija 00606nam a2200193 i 4500
001 - NÚMERO DE CONTROL
campo de control 36555
003 - IDENTIFICADOR DE NÚMERO DE CONTROL
campo de control ES-MaACL
005 - FECHA Y HORA DE LA ÚLTIMA TRANSACCIÓN
campo de control 20250712063121.0
007 - CAMPO FIJO DE DESCRIPCIÓN FÍSICA--INFORMACIÓN GENERAL
campo de control de longitud fija t|
008 - DATOS DE LONGITUD FIJA--INFORMACIÓN GENERAL
campo de control de longitud fija 030218s1914 xxk ||||1| spa d
100 1# - ENTRADA PRINCIPAL--NOMBRE DE PERSONA
Nombre de persona Bryce, James,
Fechas asociadas al nombre 1838-1922
9 (RLIN) 32253
245 14 - MENCIÓN DEL TÍTULO
Título Las naciones neutrales y la guerra /
Mención de responsabilidad, etc. por James Bryce (vizconde de Bryce).
260 ## - PUBLICACIÓN, DISTRIBUCIÓN, ETC.
Lugar de publicación, distribución, etc. Paris :
Nombre del editor, distribuidor, etc. Thomas Nelson & Sons,
Fecha de publicación, distribución, etc. [1914]
300 ## - DESCRIPCIÓN FÍSICA
Extensión 12 p. ;
Dimensiones 20 cm.
650 #4 - PUNTO DE ACCESO ADICIONAL DE MATERIA--TÉRMINO DE MATERIA
Término de materia o nombre geográfico como elemento de entrada Guerra mundial, 1914-1918-
Subdivisión general Países neutrales.
9 (RLIN) 148875
852 ## - LOCALIZACIÓN
Ubicación ES-MaACL
Número de control de estantería T-1428-F-12
852 ## - LOCALIZACIÓN
Ubicación ES-MaACL
Número de control de estantería 1574-F-5
Holdings
Estatus retirado Estado de pérdida Estado de daño No para préstamo Colección Biblioteca de origen Biblioteca actual Ubicación en estantería Fecha de adquisición Fuente de adquisición Total de préstamos Signatura topográfica completa Código de barras Visto por última vez Precio de reemplazo Tipo de ítem Koha
        Colección de folletos Biblioteca del Ateneo de Madrid Biblioteca del Ateneo de Madrid Depósito folletos 17/01/2008     1574-F-5 1038411 23/02/2023 23/02/2023 Folleto
        Colección de folletos Biblioteca del Ateneo de Madrid Biblioteca del Ateneo de Madrid Depósito folletos 17/01/2008     T-1428-F-12 1038410 23/02/2023 23/02/2023 Folleto